00000000nam##2200000za#4500
0019.580999
003CaOODSP
00520231208112832
007cr |||||||||||
008150406|2010||||xxc|||||o    f|0| 0 eng|d
040 |aCaOODSP|beng
043 |an-cn---
0861 |aPS83-5/R230E-PDF
1101 |aCorrectional Service Canada. |bResearch Branch.
24510|aInitial results of the Computerized Mental Health Intake Screening System (CoMHISS) for federally sentenced women / |h[electronic resource]|cPrepared by: Kyle Archambault.
260 |aOttawa - Ontario : |bCorrectional Service Canada. |cDecember 2010.
300 |a1p.
4901 |aResearch at a glance|vR-230
590 |a14-19-Supp|b2014-11-03
77508|tPremiers résultats du Système informatisé de dépistage des troubles mentaux à l'évaluation initiale (SIDTMEI) pour les femmes purgeant une peine de ressort fédéral / |w(CaOODSP)9.607885
830#0|aResearch at a glance (Correctional Service Canada)|vR-230|w(CaOODSP)9.506649
85640|ahttp://publications.gc.ca|qPDF|s89 KB|uhttps://publications.gc.ca/collections/collection_2014/scc-csc/PS83-5-R230-eng.pdf|yR-230